000 01288 a2200157 4500
003 Nust
005 20230306145551.0
040 _cNust
082 _a334,BRE
100 _aRichard A. Brealey and Stewart C. Myers
_9109894
245 _aFundamental of Corporate Finance
_bStudy Guide to accompany /
_cRichard A. Brealey and Stewart C. Myers
260 _aAmerica
_bMc Graw-Hill
_c1999
300 _aiii,334p;
505 _aThe Firm and the Financial Manager (Page-1), Accounting and Finance (Page-11), The Time Value of Money (Page-25), Valuing Bonds Stocks (Page-41), Net Present Value and Investment Criterial (Page-63), Introduction to Risk Return and the Opportunity Cost of Capital (Page-107) Risk Return and Capital Budgeting (Page-121), The Cost of Capital (Page-133), Corporate Financing and the Lessons of Market Efficiency (Page-147) An Overview of Corporate Financing (Page-157), Debt Policy (Page-183), Dividend Policy (Page-197), Financial Planning (Page-227), Working Capital Management and Short-Time Planning (Page-239), Cash and Inventory Management (Page-255), Credit Management and Bankruptcy (Page-273), International Financial Management (Page-301), Options (Page-311), Risk Management (Page-323), What we do and not Know About Finance (Page-331).
942 _2ddc
_cBK
999 _c194130
_d194130